Gas exchange in maize as a function of aeration porosity in a cohesive soi (Registro n. 86854)
[ somente texto ]
| 000 -LÍDER | |
|---|---|
| fixed length control field | 04668nab a2200325 i 4500 |
| 003 - CÓDIGO MARC DA AGÊNCIA CATALOGADORA | |
| Campo de controle | BR-BrBNA |
| 005 - DATA E HORA DA ÚLTIMA ATUALIZAÇÃO | |
| Campo de controle | 20240126142855.0 |
| 008 - CAMPO DE TAMANHO FIXO | |
| fixed length control field | 231129b2021 bl.qr|pooa||| 00| 0 eng | |
| 040 ## - FONTE DA CATALOGAÇÃO | |
| Agência catalogadora | BR-BrBNA |
| Idioma da catalogação | eng |
| 072 ## - CATEGORIA AGRIS | |
| Código AGRIS | P33 |
| Código do objeto | 0120 |
| 072 ## - CATEGORIA AGRIS | |
| Código AGRIS | F60 |
| 100 ## - ENTRADA PRINCIPAL - NOME PESSOAL | |
| Nome pessoal | Marques, Edilaine da Silva |
| 100 ## - ENTRADA PRINCIPAL - NOME PESSOAL | |
| Nome pessoal | Mota, Jaedson Cláudio Anunciato |
| 100 ## - ENTRADA PRINCIPAL - NOME PESSOAL | |
| Nome pessoal | Lacerda, Claudivan Feitosa de |
| 100 ## - ENTRADA PRINCIPAL - NOME PESSOAL | |
| Nome pessoal | Silva, Francisca Gleiciane da |
| 100 ## - ENTRADA PRINCIPAL - NOME PESSOAL | |
| Nome pessoal | Romero, Ricardo Espíndola |
| 245 ## - TÍTULO PRINCIPAL | |
| Título principal | Gas exchange in maize as a function of aeration porosity in a cohesive soi |
| 500 ## - NOTA GERAL | |
| Nota geral | Publicação on-line; 23 ref.; 5 illus.; Summaries (En, Pt) |
| 942 ## - ADDED ENTRY ELEMENTS (KOHA) | |
| Koha item type | |
| 520 ## - NOTA DE RESUMO | |
| Nota de conteúdo | <br/><br/>ABSTRACT - Due to their physical characteristics, cohesive soils of either low or high aeration porosity can intensify limitations on plant cultivation. With the hypothesis that moist cohesive horizons where the soil has not yet reached a hard to extremely hard consistency may present a level of aeration porosity that affects gas exchange in maize plants, the aim of this study was to understand the infl uence of a cohesive horizon at different levels of aeration porosity on gas exchange in maize. The experiment was conducted in Fortaleza in the state of Ceará in a screened and covered environment, in a completely randomised block design with fi ve levels of aeration porosity (AP) (0.04, 0.06, 0.09, 0.11 and 0.13 m3 m-3) and six replications, giving a total of 30 experimental units. The variables under analysis were intrinsic permeability (Kair) and gas exchange. Increases in AP afforded an increase in Kair. The AP of 0.04 and 0.13 m3 m-3 refl ected in lower values for the photosynthetic rate (A) (24.54 and 25.50 μmol CO2 m2 s-1 respectively) and internal CO2 concentration (140.72 and 118.66 µmol mol-1 respectively). With the increase in AP, stomatal conductance and transpiration were reduced by 18% and 13.6% respectively, while the increase in instantaneous carboxylation effi ciency was 19%, and intrinsic water use effi ciency, 21%. It was concluded that variations in aeration porosity in cohesive soils affected gas exchange in maize plants. The AP of 0.04 and 0.13 m3 m-3 reduced the value of A due to non-stomatal and stomatal limitations respectively.<br/><br/><br/>Key words: Cohesion. Hypoxia. Stomatal limitations. Non-stomatal limitations. |
| 520 ## - NOTA DE RESUMO | |
| Nota de conteúdo | <br/><br/>RESUMO - Os solos com caráter coeso, devido suas características físicas, podem intensifi car as limitações ao cultivo de plantas, tanto em condição de menores quanto maiores porosidades de aeração. Tendo como hipótese que os horizontes com caráter coeso, na umidade que o solo ainda não atingiu a consistência dura à extremamente dura, podem apresentar porosidades de aeração que afetam as trocas gasosas em plantas de milho, o objetivo desse trabalho foi conhecer a influ- ência do horizonte com caráter coeso, em diferentes porosidades de aeração, nas trocas gasosas do milho. O experimento foi conduzido em Fortaleza-CE, em ambiente cercado e coberto, sob delineamento em blocos inteiramente aleatorizado, com cinco porosidades de aeração (PA) (0.04; 0.06; 0.09; 0.11 e 0.13 m³ m- ³) e seis repetições, totalizando 30 unidades experimentais. As variáveis analisadas foram: permeabilidade intrínseca (Kair) e trocas gasosas. Acréscimos na PA proporcionaram aumento na Kair. As PA de 0.04 e 0.13 m³ m-³ refletiram menores taxas fotossintéticas (A) (24.54 e 25.50 μmol CO2 m² s-¹, respectivamente) e concentrações internas de CO2 (140,72 e 118.66 µmol mol-¹, respectivamente). Com o aumento da PA a condutância estomática e transpiração diminuíram 18% e 13.6%, respectivamente, enquanto o aumento da eficiência instantânea de carboxilação foi de 19% e eficiência intrínseca do uso da água, 21%. Conclui-se que a variação na porosidade de aeração em solos com caráter coeso afetou as trocas gasosas em plantas de milho, as PA de 0.04 e 0.13 m³ m-³ reduziram a A, devido limitações não estomáticas e estomáticas, respectivamente.<br/><br/><br/>Palavras-chave: Coesão. Hipoxia. Limitações estomáticas. Limitações não estomáticas.<br/> |
| 650 ## - ASSUNTO - THESAGRO | |
| Cabeçalho tópico ou nome geográfico | MILHO |
| 650 ## - ASSUNTO - THESAGRO | |
| Cabeçalho tópico ou nome geográfico | ANÁLISE DO SOLO |
| 650 ## - ASSUNTO - THESAGRO | |
| Cabeçalho tópico ou nome geográfico | POROSIDADE |
| 650 ## - ASSUNTO - THESAGRO | |
| Cabeçalho tópico ou nome geográfico | AERAÇÃO |
| 650 ## - ASSUNTO - THESAGRO | |
| Cabeçalho tópico ou nome geográfico | TROCA GASOSA |
| 773 0# - ENTRADA ANALÍTICA | |
| Host Biblionumber | 4290 |
| Registro do item | 102271 |
| Imprenta | Fortaleza-CE Universidade Federal do Ceará. Centro de Ciências Agrárias 2002 |
| Outro identificador | 2023-436724 |
| Título | Revista Ciência Agronômica (Brazil) |
| ISSN | 0045-6888; 1806-6690 (on-line) |
| Colação | v. 52(2) p. 1-8; (2021) |
| Número de controle de registro | BR20230021108 |
| 856 ## - ACESSO E ENDEREÇO ELETRÔNICO | |
| Identificador uniforme de recurso - URI | https://www.scielo.br/j/rca/a/hFDjtcqnvs8TBLnCrKHLNkt/?format=pdf&lang=en |
Nenhum exemplar disponível.

BINAGRI